| 000 | 01255nam0a2200337 4500 | ||
|---|---|---|---|
| 001 | RU\NLR\bibl\1775928 | ||
| 005 | 20260406123109.0 | ||
| 010 |
_a978-5-699-48824-7 _93100 |
||
| 021 |
_aRU _b2011-33292 _9236д/11 |
||
| 035 | _a(NLR Aleph) 001766693 | ||
| 090 |
_a1612077 _c1612077 |
||
| 100 | _a20110603d2011 |||y0rusy50 ca | ||
| 101 | 1 |
_arus _ceng |
|
| 102 | _aRU | ||
| 105 | _ay ||||||||| | ||
| 200 | 1 |
_aНоздря в ноздрю _fДик Фрэнсис, Феликс Фрэнсис _g[пер. с англ. В. Вебера] |
|
| 210 |
_aМосква _cЭксмо _d2011 |
||
| 215 |
_a348, [2] с. _d22 |
||
| 225 | 1 | _aДик & Феликс Фрэнсис | |
| 225 | 1 | _aМастера Детектива | |
| 225 | 1 | _aГрандмастер детектива снова на коне | |
| 300 | _aНа обл. и суперобл. авт.: Дик Фрэнсис | ||
| 686 | _aШ6(4Вл)67-446{Лх1299-60} | ||
| 700 | 1 |
_4070 _8rus _7ca _aФренсис _bД. _f1920-2010 _gДик _3RU\NLR\auth\77821 _9110861 |
|
| 701 | 1 |
_4070 _8rus _7ca _aФренсис _bФ. _f1953- _gФеликс _3RU\NLR\auth\77101685 _984611 |
|
| 801 | 0 |
_aRU _bNLR _c20110603 _gRCR |
|
| 801 | 1 |
_aRU _bNLR _c20110603 |
|
| 942 | _cBOOK | ||
| 980 | _aNB | ||
| 980 | _aNBR | ||